[Event "34. Bayerische Senioren EM"]
[Site "Bergen im Chiemgau"]
[Date "2024.06.02"]
[Round "6.31"]
[White "Weimer, Lothar"]
[Black "Rogun, Ulrich"]
[Result "1-0"]
[BlackElo "1770"]
[BlackTeam "FC Bayern München"]
[EventDate "2024.??.??"]
[PlyCount "41"]
[WhiteElo "1946"]
[WhiteTeam "SK Kriegshaber"]

1. d4 Nf6 2. Bf4 d5 3. e3 Nc6 4. c3 e6 5. Bd3 Bd6 6. Nf3 Bxf4 7. exf4 Ne7 8.
Nbd2 Qd6 9. g3 Bd7 10. Qe2 O-O-O 11. Ne5 Be8 12. O-O Nd7 13. b4 f6 14. Nxd7
Bxd7 15. a4 a6 16. Nb3 Kb8 17. b5 axb5 18. axb5 Nc8 19. Qa2 Nb6 20. Qa7+ Kc8
21. Qa8+  1-0

[Event "34. Bayerische Senioren EM"]
[Site "Bergen im Chiemgau"]
[Date "2024.06.02"]
[Round "6.32"]
[White "Hansch, Klaus-Michael"]
[Black "Hülle, Gunter"]
[Result "1/2-1/2"]
[BlackElo "1765"]
[BlackTeam "SV Springer Leipzig"]
[EventDate "2024.??.??"]
[PlyCount "38"]
[WhiteElo "1897"]
[WhiteTeam "SC Weisse Dame e.V."]

1. d4 Nf6 2. Nc3 g6 3. Bg5 h6 4. Bf4 Bg7 5. e4 d6 6. h3 O-O 7. Nf3 c6 8. Be2
Nbd7 9. O-O Nh5 10. Bh2 e5 11. dxe5 dxe5 12. Qd2 Qc7 13. Rfd1 Re8 14. Rab1 Nb6
15. Bd3 Be6 16. Qe2 Nf4 17. Qf1 Rad8 18. Rd2 Rd7 19. Rbd1 Red8  1/2-1/2

[Event "34. Bayerische Senioren EM"]
[Site "Bergen im Chiemgau"]
[Date "2024.06.02"]
[Round "6.33"]
[White "Trattner, Alfred"]
[Black "Blumenstock, Axel"]
[Result "1/2-1/2"]
[BlackElo "1885"]
[BlackTeam "SF Taunus"]
[EventDate "2024.??.??"]
[PlyCount "82"]
[WhiteElo "1808"]
[WhiteTeam "SV Holz Dohr Semriach"]

1. d4 d5 2. e3 Nf6 3. Bd3 c5 4. c3 Nc6 5. f4 b6 6. Nf3 Ne4 7. Nbd2 f5 8. Bb5 Bd7
9. Bxc6 Bxc6 10. Ne5 Qd6 11. O-O Nf6 12. Ndf3 Nd7 13. b4 c4 14. a4 b5 15. axb5
Bxb5 16. Rf2 g6 17. Rfa2 a6 18. Ra5 Rb8 19. Ng5 Nxe5 20. dxe5 Qc6 21. Nf3 Bg7
22. Nd4 Qc7 23. Nxb5 axb5 24. Ra7 Qc8 25. Qxd5 e6 26. Qd6 Bf8 27. Qa6 Be7 28.
Qxc8+ Rxc8 29. Rb7 Kf7 30. Kf2 Rb8 31. Raa7 Rhe8 32. Kf3 Kf8 33. e4 Rbd8 34.
Rd7 Rxd7 35. Rxd7 Rd8 36. Rxd8+ Bxd8 37. exf5 gxf5 38. Be3 Kf7 39. g4 Kg6 40.
h3 Bc7 41. h4 fxg4+  1/2-1/2

[Event "34. Bayerische Senioren EM"]
[Site "Bergen im Chiemgau"]
[Date "2024.06.02"]
[Round "6.34"]
[White "Küspert, Erwin"]
[Black "Dreiseitel, Werner"]
[Result "1-0"]
[WhiteElo "1884"]
[BlackElo "1724"]
[PlyCount "109"]
[EventDate "2024.??.??"]
[WhiteTeam "DJK-SV Schaibing"]
[BlackTeam "SW Nürnberg Süd"]

{[%evp 0,100,29,17,17,27,29,12,0,17,47,17,34,24,67,52,75,49,45,54,45,47,47,42,
65,65,69,45,54,58,44,49,87,28,78,59,101,90,90,51,66,25,32,13,9,11,33,34,31,31,
24,32,52,52,42,43,65,77,99,57,54,71,86,50,47,-40,105,0,37,57,231,224,224,145,
153,156,134,160,200,141,231,154,179,193,196,122,194,193,192,196,201,244,215,
215,230,230,230,230,230,358,410,410,453]} 1. d4 d5 2. Nf3 Nf6 3. e3 e6 4. Bd3
c6 5. Nbd2 Nbd7 6. b3 a6 7. Bb2 c5 8. Ne5 cxd4 9. exd4 Nxe5 10. dxe5 Nd7 11.
Qg4 g6 12. O-O Qc7 13. Nf3 Bg7 14. Rfe1 O-O 15. Rac1 b5 16. h4 Nc5 17. h5 Nxd3
18. cxd3 Qa5 19. a3 Bd7 20. hxg6 fxg6 21. b4 Qd8 22. Bd4 Rc8 23. Rxc8 Qxc8 24.
Bc5 Rf5 25. d4 Qe8 26. Nh4 Rf7 27. Re3 Bh6 28. Rh3 Rf4 29. Qd1 Qf7 30. Nf3 Bg7
31. Qd2 Qf5 32. Qc1 h6 33. Be7 Qf7 34. Bf6 Rf5 35. Bxg7 Qxg7 36. Qxh6 Qxh6 37.
Rxh6 Kg7 38. Rh3 Rf4 39. Kf1 Be8 40. Rh4 Rxh4 41. Nxh4 Kh6 42. Ke2 Kg5 43. Nf3+
Kf4 44. Nd2 g5 45. g3+ Kf5 46. Ke3 Bd7 47. Nb3 Bc8 48. f3 Bb7 49. g4+ Kg6 50.
f4 Bc8 51. Nc5 gxf4+ 52. Kxf4 Kh6 53. Nb3 Bd7 54. Na5 Kg6 55. Nb7 {
Zeitüberschreitung} 1-0

[Event "34. Bayerische Senioren EM"]
[Site "Bergen im Chiemgau"]
[Date "2024.06.02"]
[Round "6.35"]
[White "Schleime, Franz-Josef"]
[Black "Stephan, Hubert"]
[Result "1-0"]
[WhiteElo "1774"]
[BlackElo "1878"]
[PlyCount "101"]
[EventDate "2024.??.??"]
[WhiteTeam "SF Lennestadt-Meggen"]
[BlackTeam "SC Prien"]

{[%evp 0,101,29,17,19,29,20,-10,26,14,31,23,27,15,15,21,20,-8,3,6,-1,-5,-3,-5,
8,12,15,12,25,23,32,-39,268,291,275,164,349,329,328,322,344,330,324,313,313,
246,329,327,331,325,326,326,328,336,333,341,432,436,436,360,395,219,214,217,
219,219,217,226,228,219,227,221,221,230,230,207,241,260,272,249,254,253,316,
253,288,254,343,265,1384,298,315,327,344,351,383,377,549,556,561,454,561,373,
1627,1685]} 1. d4 d5 2. Nf3 Nf6 3. c3 e6 4. Bf4 Be7 5. Nbd2 O-O 6. e3 c5 7. Bd3
b6 8. Qe2 Bb7 9. O-O Nc6 10. Ne5 Nxe5 11. dxe5 Nd7 12. Nf3 Re8 13. Rad1 Nf8 14.
Bb5 Nd7 15. c4 Qc7 16. cxd5 Bxd5 17. Bxd7 Red8 18. Ba4 a6 19. Bc2 Qb7 20. e4
Bc6 21. Rxd8+ Rxd8 22. Rd1 h6 23. Rxd8+ Bxd8 24. Qd1 Be7 25. Nd2 b5 26. Qg4 Kf8
27. Be3 Bd8 28. Bxc5+ Kg8 29. f4 Bb6 30. Bxb6 Qxb6+ 31. Kh1 Qf2 32. Qd1 Qxf4
33. Nf3 Bxe4 34. Bxe4 Qxe4 35. Qc1 Kh7 36. h3 Qf5 37. b4 Qe4 38. a3 Qd3 39. Qf4
Kg8 40. Qc1 Kh8 41. Ne1 Qd5 42. Qe3 g6 43. Nf3 Qb7 44. Qf4 Kg7 45. Nd2 Qd7 46.
Ne4 Qc7 47. Nd6 Qd7 48. Qf6+ Kg8 49. Qf4 Kg7 50. Qe4 Qc7 51. Ne8+ 1-0

[Event "34. Bayerische Senioren EM"]
[Site "Bergen im Chiemgau"]
[Date "2024.06.02"]
[Round "6.36"]
[White "Thonig, Manfred"]
[Black "Dreiseitel, Ursula"]
[Result "0-1"]
[WhiteElo "1717"]
[BlackElo "1668"]
[PlyCount "104"]
[EventDate "2024.??.??"]
[WhiteTeam "SC Wolfratshausen"]
[BlackTeam "SW Nürnberg Süd"]

{[%evp 0,104,29,-26,-29,-29,-32,-29,-28,-25,-13,-20,-1,1,21,21,36,35,39,32,36,
21,37,35,46,22,34,23,59,47,48,38,68,99,92,72,101,116,112,43,55,-49,-35,-57,-29,
-20,0,-60,-46,-65,-61,-64,-61,-74,0,-40,-32,-35,-9,-51,139,204,221,-84,-42,-81,
-71,-158,-142,-156,-106,-139,-151,-167,-171,-174,-174,-179,-171,-165,-179,-179,
-135,-184,-208,-242,-269,-247,-306,-338,-246,-326,-210,-237,-260,-293,-288,
-390,-354,-419,-434,-676,-735,-1776,-2008,-2042,-524]} 1. f4 Nf6 2. Nf3 d5 3.
e3 Bg4 4. Be2 e6 5. O-O a6 6. b3 c5 7. h3 Bxf3 8. Bxf3 Nc6 9. Bb2 Be7 10. d3
O-O 11. Nd2 Rc8 12. Qe2 Qc7 13. g3 e5 14. Qg2 Rfd8 15. a3 d4 16. fxe5 Qxe5 17.
Rae1 Qd6 18. Nc4 Qc7 19. e4 b5 20. Nd2 Ne5 21. Rf2 Nxf3+ 22. Nxf3 Nh5 23. Kh2
Rd6 24. e5 Rg6 25. g4 Nf4 26. Qf1 Qd8 27. Bc1 Ne6 28. Rg2 Bh4 29. Ree2 h5 30.
Nxh4 Qxh4 31. Ref2 Rf8 32. Rf5 Rxg4 33. Rxg4 hxg4 34. Qg2 g6 35. Rf2 Kg7 36.
Qg3 Rh8 37. Qxh4 Rxh4 38. Kg3 Rxh3+ 39. Kxg4 Rh1 40. Bd2 Rg1+ 41. Kh3 Ra1 42.
a4 bxa4 43. bxa4 Rxa4 44. Rh2 Ra2 45. Kg3 Rb2 46. Bh6+ Kg8 47. Kf3 a5 48. Bc1
Rb1 49. Bd2 a4 50. Ke4 a3 51. c3 a2 52. cxd4 cxd4 0-1

[Event "34. Bayerische Senioren EM"]
[Site "Bergen im Chiemgau"]
[Date "2024.06.02"]
[Round "6.37"]
[White "Huber, Herbert"]
[Black "Waltner, Herbert"]
[Result "1-0"]
[Annotator "helga"]
[BlackElo "1749"]
[BlackTeam "SV Steinhausen"]
[EventDate "2024.??.??"]
[PlyCount "62"]
[WhiteElo "1858"]
[WhiteTeam "SK Wasserburg"]

1. d4 d5 2. c4 c6 3. Nf3 e6 4. e3 Nf6 5. Nc3 Be7 6. Qc2 Nbd7 7. Bd3 dxc4 8. Bxc4
Nb6 9. Bb3 Nbd5 10. O-O O-O 11. Rd1 Qc7 12. e4 Nf4 13. e5 N6d5 14. g3 Nxc3 15.
bxc3 ( 15. Qxc3 Ng6 16. h4 b6 17. h5 Nh8 )15... Ng6 16. h4 b6 17. h5 Nh8 18.
Qe4 Bb7 19. Qg4 c5 20. Bh6 g6 21. Bxf8 Kxf8 ( 21... c4 22. Bc2 Qc6 23. Re1 Qxf3
24. Qxf3 Bxf3 )22. Kg2 c4 23. Bc2 Qc6 24. Re1 Qxf3+ 25. Qxf3 Bxf3+ 26. Kxf3 Kg7
27. a4 gxh5 28. Rh1 Kh6 29. Ke4 Kg6 30. f4 Rg8 31. Bd1 h4  1-0

[Event "34. Bayerische Senioren EM"]
[Site "Bergen im Chiemgau"]
[Date "2024.06.02"]
[Round "6.38"]
[White "Klüber, Werner"]
[Black "Chochoy, Patrick"]
[Result "1/2-1/2"]
[WhiteElo "1849"]
[BlackElo "1712"]
[PlyCount "45"]
[EventDate "2024.??.??"]
[WhiteTeam "SC Prichsenstadt"]
[BlackTeam "Franconville"]

{[%evp 0,45,29,19,26,26,44,36,36,36,42,46,25,24,43,35,35,58,23,44,44,19,22,21,
56,25,53,56,61,26,21,54,51,10,39,4,60,13,86,53,80,88,88,56,49,54,187,124]} 1.
d4 Nf6 2. Nf3 g6 3. c4 Bg7 4. Nc3 O-O 5. e4 d6 6. Be2 e5 7. dxe5 dxe5 8. Qxd8
Rxd8 9. Bg5 Nbd7 10. O-O-O Rf8 11. Bd3 c6 12. h3 a5 13. Bc2 Re8 14. Rd6 h6 15.
Be3 Bf8 16. Rdd1 Kg7 17. g4 g5 18. Na4 Be7 19. Rdg1 Nh7 20. h4 f6 21. hxg5 fxg5
22. c5 Bf6 23. Nd2 {Beide Formulare unvollständig und nicht zu entziffern.
Eingabe abgebrochen.} 1/2-1/2

[Event "34. Bayerische Senioren EM"]
[Site "Bergen im Chiemgau"]
[Date "2024.06.02"]
[Round "6.39"]
[White "Burg, Henk"]
[Black "Bartl, Bruno"]
[Result "1/2-1/2"]
[BlackElo "1845"]
[BlackTeam "SK Bruckmühl"]
[EventDate "2024.??.??"]
[PlyCount "48"]
[WhiteElo "1774"]
[WhiteTeam "Hmc Den Bosch"]

1. c4 c5 2. Nc3 Nc6 3. g3 g6 4. Bg2 Bg7 5. e4 e6 6. Nge2 Nge7 7. O-O O-O 8. a3
d6 9. d3 Rb8 10. Rb1 f5 11. Be3 Nd4 12. b4 Nec6 13. Bxd4 Nxd4 14. Nxd4 cxd4 15.
Ne2 g5 16. f3 Bd7 17. Qd2 Qf6 18. g4 f4 19. Kf2 Kf7 20. Rh1 e5 21. Nc1 Qe7 22.
Nb3 b6 23. Qe1 Bf6 24. Qd2 h5  1/2-1/2

[Event "34. Bayerische Senioren EM"]
[Site "Bergen im Chiemgau"]
[Date "2024.06.02"]
[Round "6.40"]
[White "Schießl, Hanns"]
[Black "Krause, Helmut"]
[Result "0-1"]
[WhiteElo "1753"]
[BlackElo "1694"]
[PlyCount "110"]
[EventDate "2024.??.??"]
[WhiteTeam "FVS ASP Hoyerswerda"]
[BlackTeam "SK Freilassing"]

{[%evp 0,110,29,29,51,50,82,53,54,35,24,32,21,15,10,12,33,31,101,12,15,17,15,
-25,-7,-77,-87,-87,-59,-75,-95,-180,-186,-192,-183,-215,-183,-228,-231,-259,
-155,-169,-112,-147,-119,-110,-117,-128,-83,-84,-87,-78,-63,-134,-101,-157,-88,
-79,-100,-332,-271,-322,-342,-542,-368,-541,-225,-346,-339,-339,-348,-350,-358,
-371,-370,-372,-213,-224,-227,-230,-248,-262,-275,-251,-213,-354,-344,-379,
-351,-430,-362,-396,-416,-433,-269,-276,-305,-308,-308,-369,-349,-366,-460,
-561,-595,-629,-643,-648,-665,-696,-696,-766,-817]} 1. e4 c5 2. Nf3 g6 3. Bb5
Bg7 4. O-O a6 5. Bc4 Nc6 6. c3 d6 7. d4 b5 8. Bd5 Qc7 9. Ng5 e6 10. Bxc6+ Qxc6
11. d5 Qc7 12. Qf3 h6 13. Nh3 e5 14. Qg3 Nf6 15. f4 Nxe4 16. Qf3 Bxh3 17. Qxe4
Bf5 18. Qe2 c4 19. fxe5 Bxe5 20. Qf3 Qd7 21. Be3 Bd3 22. Re1 O-O-O 23. Nd2 Qf5
24. Qxf5+ gxf5 25. Nf3 f6 26. Nh4 f4 27. Bd4 Rhg8 28. Nf3 Rg7 29. Bf2 Rdg8 30.
Nh4 f5 31. Bd4 Be4 32. Re2 f3 33. Rf2 Bxd4 34. cxd4 Rg4 35. Nxf3 Bxf3 36. Rxf3
Rxg2+ 37. Kh1 R8g5 38. b3 Rd2 39. bxc4 bxc4 40. a4 Rxd4 41. Rc1 f4 42. a5 Rgxd5
43. Rh3 h5 44. Rcc3 Rd1+ 45. Kg2 R5d2+ 46. Kf3 Rd3+ 47. Kxf4 Rxc3 48. Rxc3 d5
49. Kg5 Rd3 50. Rc2 c3 51. Kxh5 d4 52. Kg4 Rd2 53. Rc1 c2 54. h4 d3 55. Kf3 Rd1
0-1

[Event "34. Bayerische Senioren EM"]
[Site "Bergen im Chiemgau"]
[Date "2024.06.02"]
[Round "6.41"]
[White "Sonntagbauer, Manfred"]
[Black "Brahn, Helmut"]
[Result "0-1"]
[WhiteElo "1645"]
[BlackElo "1779"]
[PlyCount "118"]
[EventDate "2024.??.??"]
[WhiteTeam "SV Almtal"]
[BlackTeam "SG Springer Burghaun"]

{[%evp 0,104,29,19,19,29,28,17,18,28,34,30,21,32,20,18,19,15,54,43,37,39,29,40,
49,43,71,73,66,50,67,34,36,8,0,0,0,-35,-30,-37,-28,-45,-23,-52,-30,-19,-15,-13,
0,0,0,-32,-25,-90,-91,-103,-39,-26,-31,-46,-49,-39,-33,-57,-61,-161,-183,-302,
-363,-367,-389,-386,-296,-312,-291,-391,-403,-434,-452,-464,-482,-508,-522,
-517,-523,-542,-542,-536,-556,-580,-593,-627,-650,-677,-685,-715,-715,-876,
-729,-729,-729,-1539,-1805,-2846,-3218,-2850,-1050]} 1. d4 d5 2. Nf3 Nf6 3. Bf4
e6 4. e3 a6 5. h3 h6 6. c3 Bd6 7. Bxd6 Qxd6 8. Nbd2 Qd8 9. Be2 O-O 10. O-O Nbd7
11. c4 dxc4 12. Nxc4 b5 13. Nce5 Bb7 14. Rc1 Rc8 15. Nxd7 Nxd7 16. a3 c5 17.
dxc5 Nxc5 18. b4 Ne4 19. Qxd8 Rfxd8 20. Rxc8 Rxc8 21. Bd3 Nf6 22. Ra1 Nd5 23.
Be4 f5 24. Bxd5 Bxd5 25. Nd4 Kf7 26. Kh2 Kf6 27. a4 Rc4 28. axb5 axb5 29. Nxb5
Rxb4 30. Nc3 Bc6 31. Kg3 h5 32. h4 Rg4+ 33. Kh2 Rxg2+ 34. Kh3 Rxf2 35. Ra6 Rf3+
36. Kh2 Bb7 37. Rb6 Rxe3 38. Nd1 Re2+ 39. Kg3 Rg2+ 40. Kf4 Rg4+ 41. Ke3 Be4 42.
Nf2 Rxh4 43. Rb4 g5 44. Rb6 Rf4 45. Nxe4+ Rxe4+ 46. Kf3 h4 47. Rb8 g4+ 48. Kg2
Re2+ 49. Kf1 Ra2 50. Rf8+ Ke5 51. Rh8 h3 52. Kg1 Kf4 53. Rc8 e5 54. Rc4+ e4 55.
Rc3 g3 56. Rc1 Kf3 57. Rf1+ Rf2 58. Rxf2+ gxf2+ 59. Kf1 Kg3 0-1

[Event "34. Bayerische Senioren EM"]
[Site "Bergen im Chiemgau"]
[Date "2024.06.02"]
[Round "6.42"]
[White "Roß, Heinrich"]
[Black "Melchart, Siegfried"]
[Result "1/2-1/2"]
[BlackElo "1477"]
[BlackTeam "SF Bad Reichenhall"]
[EventDate "2024.??.??"]
[PlyCount "41"]
[WhiteElo "1743"]
[WhiteTeam "SG Springer Burghaun"]

1. e4 d5 2. exd5 Qxd5 3. Nc3 Qa5 4. Qf3 c6 5. b3 Nf6 6. h3 Bf5 7. Bd3 Bxd3 8.
Qxd3 Nbd7 9. Nf3 e6 10. O-O Be7 11. Bb2 O-O 12. Qe2 Rfd8 13. d3 Qc7 14. Ne4
Rac8 15. Rfe1 b6 16. a4 a5 17. Rac1 Nd5 18. g3 N5f6 19. Nxf6+ Bxf6 20. Bxf6
Nxf6 21. c4  1/2-1/2

[Event "34. Bayerische Senioren EM"]
[Site "Bergen im Chiemgau"]
[Date "2024.06.02"]
[Round "6.43"]
[White "Riess, Michael"]
[Black "Paul, Ernst"]
[Result "1/2-1/2"]
[BlackElo "1781"]
[BlackTeam "ASV J'Adoube Grassau"]
[EventDate "2024.??.??"]
[PlyCount "57"]
[WhiteElo "1773"]
[WhiteTeam "SC Ansbach"]

1. e4 e6 2. d4 d5 3. Nc3 Bb4 4. a3 Bxc3+ 5. bxc3 dxe4 6. f3 exf3 7. Nxf3 Nf6 8.
Bd3 h6 9. O-O Nbd7 10. Qe1 O-O 11. Qg3 Kh8 12. Qh3 Ng8 13. Ng5 Ndf6 14. Qh4 Bd7
15. a4 Ne7 16. Rxf6 Nf5 17. Bxf5 Qxf6 18. Bd3 Rae8 19. Be3 Bc6 20. Rf1 Qe7 21.
Bb5 Bxb5 22. axb5 Qd7 23. Qh5 Kg8 24. Nf3 f6 25. Qg6 Qf7 26. Qxf7+ Rxf7 27. Ra1
Ra8 28. c4 b6 29. c3  1/2-1/2

[Event "34. Bayerische Senioren EM"]
[Site "Bergen im Chiemgau"]
[Date "2024.06.02"]
[Round "6.44"]
[White "Puhrer, Achim"]
[Black "Elbert, Helmut"]
[Result "1-0"]
[BlackElo "1657"]
[BlackTeam "SC-SF 1957 Stockstadt"]
[EventDate "2024.??.??"]
[PlyCount "60"]
[WhiteElo "1707"]
[WhiteTeam "SF Hoffenheim"]

1. c4 c5 2. g3 Nc6 3. Bg2 Rb8 4. Nc3 d6 5. a3 Nf6 6. e3 e6 7. Nge2 Be7 8. O-O
O-O 9. Rb1 a6 10. d4 cxd4 11. exd4 Qc7 12. b4 b6 13. Be3 Rd8 14. Qb3 d5 15.
cxd5 exd5 16. Nxd5 Nxd5 17. Bxd5 Bf8 18. Rbc1 Rxd5 19. Qxd5 Bb7 20. Bf4 Rd8 21.
Bxc7 Rxd5 22. Bxb6 Rd6 23. Bc5 Re6 24. Rfe1 Bxc5 25. bxc5 Re4 26. Nc3 Nxd4 27.
Rxe4 Bxe4 28. Nxe4 Ne2+ 29. Kf1 Nxc1 30. c6 Kf8  1-0

[Event "34. Bayerische Senioren EM"]
[Site "Bergen im Chiemgau"]
[Date "2024.06.02"]
[Round "6.45"]
[White "Scheler, Heinz"]
[Black "Krause, Marianne"]
[Result "0-1"]
[BlackElo "1693"]
[BlackTeam "SK Freilassing"]
[EventDate "2024.??.??"]
[PlyCount "60"]
[WhiteElo "1638"]
[WhiteTeam "SC Heilsbronn"]

1. e4 d5 2. exd5 Qxd5 3. Nc3 Qd8 4. d4 Nf6 5. Bd3 c6 6. Nf3 Bg4 7. h3 Bh5 8. Bc4
e6 9. g4 Bg6 10. Bg5 h6 11. Bh4 Be7 12. Ne5 Bh7 13. g5 hxg5 14. Bxg5 Bf5 15.
Bd3 Qxd4 16. Nf3 Qd6 17. Bxf5 Qxd1+ 18. Rxd1 exf5 19. Kd2 Ne4+ 20. Nxe4 fxe4
21. Ne5 Bxg5+ 22. Kc3 Bf6 23. Kd4 Nd7 24. Kxe4 Nxe5 25. Rd3 Nxd3 26. cxd3 O-O-O
27. Ke3 Bxb2 28. Kd2 Rh4 29. Rh2 c5 30. Ke2 c4  0-1

[Event "34. Bayerische Senioren EM"]
[Site "Bergen im Chiemgau"]
[Date "2024.06.02"]
[Round "6.46"]
[White "Mahrla, Hans"]
[Black "Seibold, Günther"]
[Result "1-0"]
[BlackElo "1688"]
[BlackTeam "SG Traunstein/Traunreut"]
[EventDate "2024.??.??"]
[PlyCount "81"]
[WhiteElo "1689"]
[WhiteTeam "SC Eichenau"]

1. e4 e6 2. f4 d5 3. e5 c5 4. c3 Nc6 5. Nf3 Nge7 6. Be2 Nf5 7. O-O Be7 8. d3 O-O
9. a3 b5 10. Qe1 a5 11. Bd1 d4 12. g4 Nh4 13. Nxh4 Bxh4 14. Qe4 Qd5 15. Qxd5
exd5 16. Nd2 dxc3 17. bxc3 h6 18. Nf3 Be7 19. d4 Bxg4 20. Kg2 Bf5 21. Be2 c4
22. Bd2 Be4 23. Kg3 Bd8 24. Rg1 Ne7 25. Nh4 Ng6 26. Nxg6 fxg6 27. Bg4 Kh7 28.
Bd7 g5 29. Bxb5 gxf4+ 30. Bxf4 g5 31. Bd2 Bc7 32. Raf1 Rf5 33. Rxf5 Bxf5 34.
Rf1 Rf8 35. Bd7 Kg6 36. h4 g4 37. h5+ Kxh5 38. Rxf5+ Rxf5 39. Bxf5 Bd8 40.
Bxg4+ Kg6 41. Be6  1-0

[Event "34. Bayerische Senioren EM"]
[Site "Bergen im Chiemgau"]
[Date "2024.06.03"]
[Round "7.1"]
[White "Dresen, Ulrich"]
[Black "Schatz, Christian"]
[Result "1/2-1/2"]
[BlackElo "2150"]
[BlackTeam "SC Postbauer-Heng"]
[EventDate "2024.??.??"]
[PlyCount "25"]
[WhiteElo "2120"]
[WhiteTeam "Elberfelder SG"]

1. d4 d5 2. Nf3 Nf6 3. c4 c6 4. Nc3 e6 5. e3 Nbd7 6. Bd3 Be7 7. O-O O-O 8. b3 b6
9. Bb2 Bb7 10. Qe2 c5 11. Rfd1 cxd4 12. exd4 Rc8 13. Rac1  1/2-1/2

[Event "34. Bayerische Senioren EM"]
[Site "Bergen im Chiemgau"]
[Date "2024.06.03"]
[Round "7.2"]
[White "Himmel, Hansjörg"]
[Black "Kneutgen, Alexander"]
[Result "1-0"]
[WhiteElo "2189"]
[BlackElo "2038"]
[PlyCount "101"]
[EventDate "2024.??.??"]
[WhiteTeam "SV Kamen"]
[BlackTeam "SG Niederkassel"]

{[%evp 0,101,29,29,41,36,23,5,1,-11,-9,-8,7,-5,-12,-28,-5,-24,7,7,32,43,43,-13,
23,18,14,-8,12,13,17,8,74,91,79,53,49,98,188,102,167,171,128,31,17,18,18,-31,
-9,-21,-36,-25,-27,-35,-11,-14,119,131,131,105,109,64,55,45,53,42,46,0,7,0,0,0,
0,0,0,25,0,24,73,73,69,85,106,76,269,228,334,507,654,673,725,596,707,583,652,
1294,1205,1320,2710,1557,1883,1826,2465,29980]} 1. e4 e6 2. d4 d5 3. Nd2 Nf6 4.
e5 Nfd7 5. c3 c5 6. f4 Nc6 7. Ndf3 cxd4 8. cxd4 Nb6 9. Bd3 a5 10. a3 a4 11. Bc2
Bd7 12. Ne2 Na5 13. Nc3 Nac4 14. O-O Be7 15. Kh1 Bc6 16. f5 Kd7 17. Rb1 h6 18.
Ne1 Kc8 19. Nd3 Qe8 20. fxe6 fxe6 21. Nc5 Bxc5 22. dxc5 Nd7 23. Bxa4 Nxc5 24.
Bc2 Rf8 25. b3 Rxf1+ 26. Qxf1 Nxe5 27. Qe2 Ned7 28. b4 Ne4 29. Nxe4 dxe4 30. b5
Bd5 31. Bxe4 Nf6 32. Bxd5 exd5 33. Qc2+ Kd7 34. Bf4 Rc8 35. Qf5+ Qe6 36. Qg6
Ne8 37. Qg3 g5 38. Be5 Nf6 39. Bxf6 Qxf6 40. Rd1 Qf5 41. h3 Rc4 42. Qb8 d4 43.
Qxb7+ Kd6 44. Qb8+ Kd5 45. Qb7+ Kd6 46. b6 g4 47. Qb8+ Kd5 48. b7 gxh3 49. Qg8+
Ke4 50. Qxc4 hxg2+ 51. Kg1 1-0

[Event "34. Bayerische Senioren EM"]
[Site "Bergen im Chiemgau"]
[Date "2024.06.03"]
[Round "7.3"]
[White "Ernst, Michael"]
[Black "Kieffer, Joachim"]
[Result "1-0"]
[BlackElo "2040"]
[BlackTeam "SK Bruckmühl"]
[EventDate "2024.??.??"]
[PlyCount "27"]
[WhiteElo "2092"]
[WhiteTeam "Klosterneuburg"]

1. d4 Nf6 2. Bf4 d5 3. e3 c5 4. c3 Nc6 5. Nd2 e6 6. Ngf3 Bd6 7. Bg3 O-O 8. Bd3
b6 9. e4 dxe4 10. Nxe4 Nxe4 11. Bxe4 Bb7 12. dxc5 Bxc5 13. Qa4 Qc8 14. Bxh7+ 
1-0

[Event "34. Bayerische Senioren EM"]
[Site "Bergen im Chiemgau"]
[Date "2024.06.03"]
[Round "7.4"]
[White "Schrems, Hermann"]
[Black "Beckers, Manfred"]
[Result "1/2-1/2"]
[WhiteElo "2069"]
[BlackElo "1997"]
[PlyCount "57"]
[EventDate "2024.??.??"]
[WhiteTeam "SC Emmendingen"]
[BlackTeam "SC Plüderhausen"]

{[%evp 0,57,29,19,26,26,43,23,64,56,88,74,66,49,51,47,87,24,14,14,36,29,49,46,
48,37,32,-6,62,52,48,69,45,37,34,34,31,56,43,65,100,43,51,-23,-19,-70,-58,-87,
-66,-128,3,-26,-43,-70,-17,-17,-13,-6,-9,-8]} 1. d4 Nf6 2. Nf3 c5 3. d5 e6 4.
Nc3 exd5 5. Nxd5 Nxd5 6. Qxd5 Nc6 7. e4 d6 8. Bc4 Be6 9. Qd3 Bxc4 10. Qxc4 Be7
11. O-O O-O 12. Be3 Qb6 13. c3 Qxb2 14. Rab1 Qa3 15. Rxb7 Na5 16. Qa6 Bd8 17.
Rd7 Bb6 18. Rxd6 Qxa2 19. Rd5 Rac8 20. Ne5 Rfe8 21. Qb5 f6 22. Nd7 Rxe4 23.
Nxb6 axb6 24. Rfd1 Qb3 25. Qd3 Rce8 26. Rb1 Qc4 27. Rxb6 Qxd3 28. Rxd3 Nc4 29.
Rb5 1/2-1/2

[Event "34. Bayerische Senioren EM"]
[Site "Bergen im Chiemgau"]
[Date "2024.06.03"]
[Round "7.5"]
[White "Jagdhuber, Hans"]
[Black "Hartlieb, Jürgen"]
[Result "0-1"]
[BlackElo "1983"]
[BlackTeam "SC Grunbach"]
[EventDate "2024.??.??"]
[PlyCount "62"]
[WhiteElo "1928"]
[WhiteTeam "SK Rochade Augsburg"]

1. c4 g6 2. d4 Bg7 3. e4 d6 4. Nc3 Nd7 5. Nf3 e5 6. d5 Ne7 7. g4 a5 8. Be3 Nc5
9. h3 Bd7 10. Bxc5 dxc5 11. a4 Nc8 12. Rg1 Nd6 13. Bd3 h5 14. g5 Bxh3 15. Nh4
Bg4 16. f3 Qxg5 17. fxg4 Qxh4+ 18. Kd2 hxg4 19. Qxg4 Qxg4 20. Rxg4 Rh2+ 21. Ne2
Ke7 22. Rag1 Rah8 23. R1g2 Rxg2 24. Rxg2 Rh4 25. Nc3 Bh6+ 26. Kc2 Be3 27. Re2
Bf4 28. Nb5 Ne8 29. b3 c6 30. dxc6 bxc6 31. Rg2 cxb5  0-1

[Event "34. Bayerische Senioren EM"]
[Site "Bergen im Chiemgau"]
[Date "2024.06.03"]
[Round "7.6"]
[White "Döserich, Jürgen"]
[Black "Ghijsen, Pim"]
[Result "1-0"]
[WhiteElo "1943"]
[BlackElo "2058"]
[PlyCount "119"]
[EventDate "2024.??.??"]
[WhiteTeam "SP Freiburg"]
[BlackTeam "VAS"]

{[%evp 0,119,29,19,26,10,-3,-8,34,43,44,44,44,11,13,27,54,58,53,47,70,60,85,96,
97,83,83,77,74,89,108,63,79,35,-6,-19,70,-57,-38,-49,-56,-56,19,23,23,-34,-71,
-275,-309,-327,-336,-350,-403,-394,-299,-312,-246,-242,-245,-242,-236,-242,
-248,-258,-226,-200,-215,-209,-194,-216,-62,-62,-59,-59,-44,-59,-43,-41,-40,
-47,-43,-43,-3,-43,-43,-59,-49,-55,0,-78,-78,-84,-87,-90,-93,-97,-92,-105,-103,
-108,-105,-107,-108,-156,-108,-291,0,0,0,0,0,0,0,0,0,0,29995,29996,29997,29998,
29999,-30000]} 1. d4 Nf6 2. c4 e6 3. Nf3 Bb4+ 4. Bd2 Be7 5. Nc3 d5 6. Bf4 O-O
7. e3 c5 8. dxc5 Bxc5 9. a3 a5 10. Qc2 Bd6 11. Bg5 dxc4 12. Bxc4 Nbd7 13. Rd1
Qb6 14. O-O Bb8 15. e4 Ng4 16. Nb5 Qc5 17. Bh4 Qh5 18. Bg3 Bxg3 19. hxg3 Nde5
20. Nbd4 Nxc4 21. Qxc4 e5 22. Nc2 Ra6 23. Nh4 g5 24. f3 gxh4 25. fxg4 Bxg4 26.
Rd3 Be2 27. Rf5 Qg4 28. Ne3 Bxd3 29. Qxd3 Qxg3 30. Rf3 Qg5 31. Rf5 Qe7 32. Nd5
Qc5+ 33. Kh2 Kh8 34. Qf3 Kg7 35. Nf6 Rxf6 36. Rxf6 Qe7 37. Rf5 f6 38. Qg4+ Kh8
39. Qxh4 Rf7 40. Qf2 Qe6 41. Qf3 Kg8 42. Qg4+ Rg7 43. Qd1 Qc6 44. Qf3 Rg6 45.
Rh5 Kg7 46. Qe2 Qd7 47. Rh4 Rg5 48. Qf3 b5 49. Qc3 a4 50. Qf3 Qd2 51. Qh3 h6
52. Kh1 Qxb2 53. Qd7+ Kg6 54. Qe8+ Kh7 55. Rxh6+ Kxh6 56. Qh8+ Kg6 57. Qg8+ Kh5
58. Qh7+ Kg4 59. Qh3+ Kf4 60. Qf3# 1-0